000
00258nam a2200109Ia 4500
008
200302s9999 xx 000 0 und d
100
_a
Terence Riley
245
_a
Light Construction
260
_b
The Museum of Modern Art.
260
_c
1995
300
_a
163 P.,
999
_c
1004
_d
1004